00974nam a22002777a 4500001000500000005001700005020002200022020001800044040002300062050002200085082000800107100004200115245009000157260004200247300004100289490003400330505000800364520013600372521002000508521002000528650002500548650003500573650002200608650003500630700003100665140620231204093045.0 a0807531006 (hbk.) a9780807531013 aDLCcDLCdDLCbeng00aPZ7.W244bGy 200000a8131 aWarner, Gertrude Chandlerd1890-1979.14aThe gymnastics mystery /c by Gertrude Chandler Warner ; illustrated by Charles Tang. aMorton Grove :bAlbert Whitman,c1999 a132 pages :billustrations ;c20 cm 1 aThe boxcar children vBook 73 aM  aThe Aldens try to help a visiting Russian gymnast who is surrounded by mysterious people and events and who seems to have a secret. a550 bLexile  aM bRaz-Plus  1aGymnasticsvFiction. 1aBrothers and sistersvFiction. 1aOrphansvFiction. 1aMystery and detective stories.1 aTang, Charleseillustrator